Państwa z największą ilością drzew - Statystyki

Ogólne statystyki
  • Ten quiz został rozwiązany 48 razy
  • Średni wynik to 8 z 10
Statystyki odpowiedzi
Liczba drzew (bln) Państwo % Poprawnych
318 Kanada
100%
642 Rosja
100%
228 Stany Zjednoczone
100%
302 Brazylia
92%
140 Chiny
92%
77 Australia
74%
81 Indonezja
68%
57 Meksyk
68%
101 Demokratyczna Republika Konga
66%
59 Boliwia
42%
Nie znaleziono quizów pasujących do podanych kryteriów
Rozkład punktacji
Procent ludzi z każdym wynikiem
Percentyl według liczby udzielonych odpowiedzi
Twoja historia wyników
Nie rozwiązałeś tego quizu